<?xml version='1.0' encoding='UTF-8'?>
  <record xmlns="http://www.loc.gov/MARC21/slim">
    <leader>00000cam a2200000 i 4500</leader>
    <controlfield tag="001">ocm65048260</controlfield>
    <controlfield tag="003">OCoLC</controlfield>
    <controlfield tag="005">20240825142318.2</controlfield>
    <controlfield tag="008">891003s1675    ne a          000 0 dut d</controlfield>
    <datafield tag="040" ind1=" " ind2=" ">
      <subfield code="a">NLGGC</subfield>
      <subfield code="b">dut</subfield>
      <subfield code="e">fobidrtb</subfield>
      <subfield code="c">NLGGC</subfield>
      <subfield code="d">L2U</subfield>
      <subfield code="d">OCLCQ</subfield>
      <subfield code="d">OCLCO</subfield>
      <subfield code="d">OCLCL</subfield>
      <subfield code="d">OCLCQ</subfield>
    </datafield>
    <datafield tag="029" ind1="0" ind2=" ">
      <subfield code="a">NLGGC</subfield>
      <subfield code="b">055711006</subfield>
    </datafield>
    <datafield tag="035" ind1=" " ind2=" ">
      <subfield code="a">(OCoLC)65048260</subfield>
    </datafield>
    <datafield tag="045" ind1="0" ind2=" ">
      <subfield code="b">d1662</subfield>
    </datafield>
    <datafield tag="084" ind1=" " ind2=" ">
      <subfield code="a">15.75</subfield>
      <subfield code="2">bcl</subfield>
    </datafield>
    <datafield tag="245" ind1="0" ind2="3">
      <subfield code="a">'t Verwaerloosde Formosa, of waerachtig verhael, hoedanigh door verwaerloosinge der Nederlanders in Oost-Indien, het eylant Formosa, van den Chinesen mandorijn, ende zeerover Coxinja overrompelt, vermeestert, ende ontweldight is geworden :</subfield>
      <subfield code="b">begrepen in twee deelen : hier zyn by-gevoeght enige aenmerckelyke saken, rakende d'oprechte gront der Sinese wreetheyt en tyranny, gepleeght aen de predicanten, schoolmeesters ende Nederlanders aldaer : met by-gevoeghde authentijke bewijsen /</subfield>
      <subfield code="c">alles getrouwelijk uyt deselve by een vergadert, door C.E.S.</subfield>
    </datafield>
    <datafield tag="260" ind1=" " ind2=" ">
      <subfield code="a">Amsterdam :</subfield>
      <subfield code="b">Jan Claesz. ten Hoorn,</subfield>
      <subfield code="c">1675.</subfield>
    </datafield>
    <datafield tag="300" ind1=" " ind2=" ">
      <subfield code="a">[VI], 45, [1], 72, 38 p. :</subfield>
      <subfield code="b">illustrations ;</subfield>
      <subfield code="c">19 cm</subfield>
    </datafield>
    <datafield tag="336" ind1=" " ind2=" ">
      <subfield code="a">tekst</subfield>
      <subfield code="b">txt</subfield>
      <subfield code="2">rdacontent/dut</subfield>
    </datafield>
    <datafield tag="337" ind1=" " ind2=" ">
      <subfield code="a">zonder medium</subfield>
      <subfield code="b">n</subfield>
      <subfield code="2">rdamedia/dut</subfield>
    </datafield>
    <datafield tag="338" ind1=" " ind2=" ">
      <subfield code="a">band</subfield>
      <subfield code="b">nc</subfield>
      <subfield code="2">rdacarrier/dut</subfield>
    </datafield>
    <datafield tag="500" ind1=" " ind2=" ">
      <subfield code="a">Beschrijving gebaseerd op: Catalogus van de tractaten, pamfletten, enz. over de geschiedenis van Nederland aanwezig in de bibliotheek van Isaac Meulman / bew. door J.K. van der Wulp. - Amsterdam : Van Munster en zoon. - 1866-1868. - 3 dl. Dl. 2: 1649-1688. - P. 279.</subfield>
    </datafield>
    <datafield tag="500" ind1=" " ind2=" ">
      <subfield code="a">C.E.S. is Coyett Et Socii?</subfield>
    </datafield>
    <datafield tag="530" ind1=" " ind2=" ">
      <subfield code="a">Ook beschikbaar in microvorm.</subfield>
    </datafield>
    <datafield tag="530" ind1=" " ind2=" ">
      <subfield code="a">Titel is geselecteerd voor digitalisering voor de Universiteit van Leiden in het kader van het Google Books-project.</subfield>
    </datafield>
    <datafield tag="600" ind1="0" ind2="4">
      <subfield code="a">Zheng,</subfield>
      <subfield code="c">Chenggong,</subfield>
      <subfield code="d">1624-1662.</subfield>
      <subfield code="0">(NL-LeOCL)139496017</subfield>
    </datafield>
    <datafield tag="650" ind1=" " ind2="4">
      <subfield code="a">15.75 history of Asia.</subfield>
    </datafield>
    <datafield tag="650" ind1=" " ind2="7">
      <subfield code="a">15.75 history of Asia.</subfield>
      <subfield code="0">(NL-LeOCL)077599616</subfield>
      <subfield code="2">bcl</subfield>
    </datafield>
    <datafield tag="650" ind1="1" ind2="7">
      <subfield code="a">Overzeese gebiedsdelen.</subfield>
      <subfield code="2">gtt</subfield>
      <subfield code="0">(NL-LeOCL)078619718</subfield>
    </datafield>
    <datafield tag="650" ind1="1" ind2="7">
      <subfield code="a">Vereenigde Oost-Indische Compagnie.</subfield>
      <subfield code="2">gtt</subfield>
      <subfield code="0">(NL-LeOCL)091162920</subfield>
    </datafield>
    <datafield tag="651" ind1=" " ind2="7">
      <subfield code="a">Taiwan.</subfield>
      <subfield code="2">gtt</subfield>
      <subfield code="0">(NL-LeOCL)078684161</subfield>
    </datafield>
    <datafield tag="600" ind1="1" ind2="7">
      <subfield code="a">Zheng, Chenggong,</subfield>
      <subfield code="d">1624-1662.</subfield>
      <subfield code="0">(NL-LeOCL)139496017</subfield>
      <subfield code="2">nta</subfield>
    </datafield>
    <datafield tag="700" ind1="1" ind2=" ">
      <subfield code="a">Coyett, Frederik,</subfield>
      <subfield code="d">1620-1689.</subfield>
      <subfield code="1">https://id.oclc.org/worldcat/entity/E39PBJf4dM7b8jPy6gGXmtQpfq</subfield>
    </datafield>
    <datafield tag="758" ind1=" " ind2=" ">
      <subfield code="a">'t Verwaerloosde Formosa, of waerachtig verhael, hoedanigh door verwaerloosinge der Nederlanders in Oost-Indien, het eylant Formosa, van den Chinesen mandorijn, ende zeerover Coxinja overrompelt, vermeestert, ende ontweldight is geworden (Text)</subfield>
      <subfield code="1">https://id.oclc.org/worldcat/entity/E39PCGYRbd7gW8XKVphcBMHxTb</subfield>
      <subfield code="4">https://id.oclc.org/worldcat/ontology/hasWork</subfield>
    </datafield>
    <datafield tag="936" ind1=" " ind2=" ">
      <subfield code="a">BATCHLOAD</subfield>
    </datafield>
  </record>